=LDR 00000nam 2200000 4500 =001 INLIS000000000023830 =005 20130612122445 =008 ***********************************Ind** =035 ##$$0010-061300000023830 =041 ##$$a Ind =082 ##$$a 639.73 =090 ##$$a 639.73, Lel l =245 ##$$a Lele menetas unag masuk tabanas, Departemen pendidikan dan kebudayaan =260 ##$$a 1989 $b Jakarta =300 ##$$a 18 hlm, ilus, 21 cm =650 ##$$a Lele - Pemeliharaan =850 ##$$a NBPNMAT